000
00321nam a2200133Ia 4500
005
20260326100040.0
008
260326s9999||||xx |||||||||||||| ||und||
100
_a
Jones, Peter Blundell
245
0
_a
Hans Scharoun /
_c
Peter Blundell Jones
260
_b
Phaidon
300
_a
240 p.
650
_a
ARQUITECTOS
942
_c
BK
999
_c
6958
_d
6958